Normal view
MARC view
- Nations of the Modern World
Entry Topical Term
001 - CONTROL NUMBER
- control field: 108658
003 - CONTROL NUMBER IDENTIFIER
- control field: NUST
005 - DATE AND TIME OF LATEST TRANSACTION
- control field: 20230206122906.0
008 - FIXED-LENGTH DATA ELEMENTS
- fixed length control field: 230206|| aca||aabn | a|a d
040 ## - CATALOGING SOURCE
- Original cataloging agency: NUST
- Transcribing agency: NUST
150 ## - HEADING--TOPICAL TERM
- Topical term or geographic name entry element: Nations of the Modern World
670 ## - SOURCE DATA FOUND
- Source citation: Work cat.: (NUST)184188: Rait, Robert Sir 108657, Nations of the Modern World /
